Our parliament: (Record no. 54354)

MARC details
000 -LEADER
fixed length control field 01034nam a22002537a 4500
005 - DATE AND TIME OF LATEST TRANSACTION
control field 20180913140720.0
010 ## - LCCN (DPL NO)
LC control number B-441249 B-705545
020 ## - INTERNATIONAL STANDARD BOOK NUMBER
International Standard Book Number 9788123701479
Terms of availability 180.00
035 ## - SYSTEM CONTROL NUMBER
System control number B-441249
035 ## - SYSTEM CONTROL NUMBER
System control number B-705545
037 ## - SOURCE OF ACQUISITION
Source of stock number/acquisition Allied Publishers
037 ## - SOURCE OF ACQUISITION
Source of stock number/acquisition RK Books
082 ## - DEWEY DECIMAL CLASSIFICATION NUMBER
Classification number 328.54
100 ## - MAIN ENTRY--PERSONAL NAME
Personal name Kashyap, Subhash C.
245 ## - TITLE STATEMENT
Title Our parliament:
Statement of responsibility, etc by Subhash C. Kashyap
Remainder of title an introduction to the parliament of India /
260 ## - PUBLICATION, DISTRIBUTION, ETC. (IMPRINT)
Place of publication, distribution, etc New Delhi
Name of publisher, distributor, etc National Book Trust
Date of publication, distribution, etc 2017
270 ## - ADDRESS
Address Nehru Bhawan, 5 Institutional Area, Phase-II, Vasant Kunj
City New Delhi
Postal code 110070
300 ## - PHYSICAL DESCRIPTION
Extent xiv, 327p
Dimensions 21cm (pbk)
Other physical details b&w photos
490 ## - SERIES STATEMENT
Series statement India- the land and the people
500 ## - GENERAL NOTE
General note Includes bibliographical references and index
942 ## - ADDED ENTRY ELEMENTS (KOHA)
Source of classification or shelving scheme Dewey Decimal Classification
Item type English Books
Call number suffix KAS
Classification part 328.54
Holdings
Withdrawn status Lost status Not for loan Collection code Home library Current library Date acquired Source of acquisition Cost, normal purchase price Full call number Barcode Copy number Cost, replacement price Koha item type Public note
      Non-fiction Central Jail Tihar Central Jail Tihar 13/09/2018 RK Books/IN1492/18-19/07-09-18/519/07-09-18/12-09-18 180.00 328.54 KAS B-705545 1 180.00 English Books  
      Non-fiction Central Library Central Library 29/07/2011 Allied Publishers/CR/0000056/20.4.11/85/24.3.11/10.6.11 85.00 328.54 KAS B-441249 1 85.00 English Books Legal Case (Register 2018)

© Delhi Public Library
Hit Counter
free hit counter